| 000 | 01418nam a2200385 i 4500 | ||
|---|---|---|---|
| 001 | 13442 | ||
| 003 | KOSZ 005 | ||
| 005 | 20231109062807.0 | ||
| 008 | 080126s1966 pl a g 000 0 pol | ||
| 015 | _aPB 1966/9940 | ||
| 040 |
_aWA N _cWA N _dKOSZ 005/RW |
||
| 041 | 1 |
_apol _hger |
|
| 080 | _a335.5 | ||
| 100 | 1 |
_aMarx, Karl _d(1818-1883) _eAutor |
|
| 245 | 1 | 0 |
_aManifest komunistyczny / _cKarol Marx i Fryderyk Engels ; [wstęp D. Koberdowa]. |
| 246 | 1 |
_iTytuł oryginału: _aKommunistische Manifest. |
|
| 250 | _aWydanie 23. | ||
| 260 |
_aWarszawa : _b"Książka i Wiedza", _c1966. |
||
| 300 |
_a125, [3] stron : _bilustracje ; _c18 cm. |
||
| 336 |
_aTekst _btxt _2rdacontent |
||
| 337 |
_aBez urządzenia pośredniczącego _bn _2rdamedia |
||
| 338 |
_aWolumin _bnc _2rdacarrier |
||
| 380 | _aKsiążki. | ||
| 500 | _aTytuł oryginału: Das kommunistische Manifest. | ||
| 546 | _aTłumaczenie z niemieckiego. | ||
| 658 | _aPolityka, politologia, administracja publiczna | ||
| 658 | _aHistoria | ||
| 650 | 4 | _aKomunizm | |
| 655 | 4 | _aŹródła historyczne | |
| 700 | 1 |
_aEngels, Friedrich _d(1820-1895) _eAutor |
|
| 700 | 1 |
_aKoberdowa, D. _eWstęp. |
|
| 710 | 2 |
_aSpółdzielnia Wydawniczo-Handlowa "Książka i Wiedza" _4pbl. |
|
| 856 |
_uhttp://koha.tu.koszalin.pl/cgi-bin/koha/opac-detail.pl?biblionumber=13442 _yKatalog online BPK |
||
| 942 |
_2UKD _cKS |
||
| 999 |
_c13442 _d13442 |
||